00835 a2200229 4500003000500000005001700005010001600022020001500038035002300053040000900076082001000085100002300095245009800118260004400216300003400260500014300294650002300437651001100460942001200471999001900483952010300502Nust20170207154042.0 a 99063274 a0735709777 a(OCoLC)ocm43854387 cNust00a004.61 aMartin, Michael J.10aUnderstanding the network(E-BOOK)ba practical guide to internetworking /cMichael J. Martin. aIndianapolis, IN :bNew Riders,cc2000. axvi, 687 p. :bill. ;c24 cm. aDescribes the various technologies and techniques needed to design, build and manage a multiprotocol local or wide area network (LAN/WAN). 0aComputer networks. aE-BOOK 2ddccBK c192666d192666 00102ddc40708NFICaMCSbMCSd2016-12-12l0o004.6 MARpMCSEB-2195r2016-12-08w2016-12-12yBK